Historia reciente de los movimientos laborales en América Central

Guardat en:
Dades bibliogràfiques
Autor principal: Camacho Monge, Daniel
Format: Text
Publicat: San Pedro de M. de O. :
Etiquetes: Afegir etiqueta
Sense etiquetes, Sigues el primer a etiquetar aquest registre!

MARC

LEADER 00000 a a2200000 04500
001 15629
003
040
090 |a 019800  
100 |a Camacho Monge, Daniel  
245 |a Historia reciente de los movimientos laborales en América Central  
260 |a San Pedro de M. de O. :  
300 |a 8 p.  
500 |a Proyecto de Investigación - Apuntes Preliminares  
999 |c 11095  |d 11095